Administración de medicamentos y calculo de dosis / (Registro nro. 21822)

Detalles MARC
000 -LEADER
fixed length control field 01816nam a22002417a 4500
001 - CONTROL NUMBER
control field 021637
003 - CONTROL NUMBER IDENTIFIER
control field DO-CoUTE
005 - DATE AND TIME OF LATEST TRANSACTION
control field 20260204212650.0
008 - FIXED-LENGTH DATA ELEMENTS--GENERAL INFORMATION
fixed length control field 220808b dr ||||| |||| 00| 0 spa d
020 ## - INTERNATIONAL STANDARD BOOK NUMBER
International Standard Book Number 978-84-9113-429-9
040 ## - CATALOGING SOURCE
Original cataloging agency DO-CoUTE
Language of cataloging spa
Transcribing agency DO-CoUTE
082 ## - DEWEY DECIMAL CLASSIFICATION NUMBER
Edition number 22
Classification number 615.6
Item number Z12a 2019
100 1# - MAIN ENTRY--PERSONAL NAME
Personal name Zabalegui Yárnoz, Adelaida
Relator term autor
245 1# - TITLE STATEMENT
Title Administración de medicamentos y calculo de dosis /
Statement of responsibility, etc. Adelaida Zabalegui Yárnoz
250 ## - EDITION STATEMENT
Edition statement tercera edición
260 ## - PUBLICATION, DISTRIBUTION, ETC.
Place of publication, distribution, etc. Barcelona, España :
Name of publisher, distributor, etc. ELSEVIER,
Date of publication, distribution, etc. 2019
300 ## - PHYSICAL DESCRIPTION
Extent 232 páginas :
Other physical details Ilustraciones ;
Dimensions 25cm.
504 ## - BIBLIOGRAPHY, ETC. NOTE
Bibliography, etc. note Incluye referencias bibliográficas e índice
520 ## - SUMMARY, ETC.
Summary, etc. Obra que mantiene el enfoque eminentemente práctico de las ediciones anteriores, con numerosos ejemplos de situaciones clínicas reales, y ofrece una visión única del complejo proceso de utilización de los medicamentos.<br/><br/>Presenta una exhaustiva actualización de los contenidos, especialmente en lo relativo a la utilización de medicamentos biopeligrosos. Así mismo, incluye un enfoque amplio de los temas tratados, que aborda desde cálculos simples hasta situaciones complejas, lo que permite adquirir de forma progresiva las competencias propias de la administración de medicamentos.<br/><br/>Contiene apéndices que constituyen guías de administración muy útiles en la práctica clínica, nuevos casos clínicos y preguntas de autoevaluación. Además de un vídeo demostrativo del funcionamientos de un Sistema Automático de Dispensación.<br/><br/>De interés para estudiantes de Enfermería y otras titulaciones de Ciencias de la Salud, pero también será de gran utilidad para los profesionales sanitarios en ejercicio.
650 ## - SUBJECT ADDED ENTRY--TOPICAL TERM
Source of heading or term LEMB
Topical term or geographic name entry element Administración y dosificación
700 1# - ADDED ENTRY--PERSONAL NAME
Personal name Lombraña Mencia, María
Relator term autor
942 ## - ADDED ENTRY ELEMENTS (KOHA)
Source of classification or shelving scheme Dewey Decimal Classification
Koha item type Libros
Existencias
Withdrawn status Lost status Source of classification or shelving scheme Damaged status Not for loan Collection code Home library Current library Date acquired Inventory number Total Checkouts Full call number Barcode Date last seen Copy number Price effective from Koha item type
    Dewey Decimal Classification     Colección General Biblioteca UTECO Biblioteca UTECO 08/08/2022 021637   615.6 Z12a 2019 021637 08/08/2022 Ej.1 08/08/2022 Libros
© 2021 Derechos Reservados UTECO - Teléfono: +1 809-585-2291 - Correo electrónico: biblioteca@uteco.edu.do​  
Código postal 43000 ​​
Dirección: Avenida Universitaria No. 100, 
Cotuí, Provincia Sánchez Ramírez, República Dominicana - RNC: 404-00059-6